Prejudices : third series /

Bibliographic Details
Main Author: Mencken, H. L. (Henry Louis), 1880-1956
Format: Book
Language:English
Published: New York : A. A. Knopf, [1922]

MARC

Tag First Indicator Second Indicator Subfields
LEADER 00000cam a2200000 4500
001 in00000022215
005 20151007063915.0
008 741227s1922 nyu 00010 eng u
010 |a  22019628  
035 |a (OCoLC)01124154 
035 |9 AAD8563AM 
040 |c OTC  |d TXA  |d UtOrBLW 
049 |a TXAM  |c 1 [37509]  |c 2 [139935]  |c 3 [149875]  |c 4 [152229]  |c 5 [152230]  |c 6 [157702]  |c 7 [240068] 
050 0 |a PS3525.E43  |b P83 1922 
092 |a 814  |b M536p, 3d ser. 
100 1 |a Mencken, H. L.  |q (Henry Louis),  |d 1880-1956. 
245 1 0 |a Prejudices :  |b third series /  |c by H. L. Mencken. 
264 1 |a New York :  |b A. A. Knopf,  |c [1922] 
264 4 |c [©1922] 
300 |a 328 pages ;  |c 20 cm. 
336 |a text  |b txt  |2 rdacontent 
337 |a unmediated  |b n  |2 rdamedia 
338 |a volume  |b nc  |2 rdacarrier 
999 |a MARS 
999 f f |s b607fb62-1b8d-30f6-98db-87b85483794d  |i 4f42d99f-ab55-3a60-ba3d-a1de8a7144c5  |t 0 
952 f f |p ric  |a Texas A&M University  |b Rellis Campus  |c Joint Library Facility  |s JLF  |d Remote Storage  |t 0  |e PS3525.E43 P83 1922  |h Library of Congress classification  |i unmediated -- volume  |k 3rd Series  |m A14801258792 
998 f f |a PS3525.E43 P83 1922  |t 0  |l Remote Storage